00565nam a2200169Ia 4500008004100000100002000041245011100061245003900172260000900211300002300220440005000243500001100293650001200304650002200316650002700338650003000365170725s9999 xx 000 0 und d aWincy W. S. Lee aCross-Sectional Study on Chinese Secondary School Students’ Epistemic Beliefs and Fallacy Identification cWincy W. S. Lee, Victor C. W. Chan c2017 apages 43058, April aThe Asia-Pacific Education Researcherv26:1-2 aCJ0033 aCHINESE aEPISTEMIC BELIEFS aFALLACY IDENTIFICATION aSECONDARY SCHOOL STUDENTS